| 000 | 00575nam a2200121Ia 4500 | ||
|---|---|---|---|
| 008 | 220615s9999||||xx |||||||||||||| ||und|| | ||
| 245 | 0 |
_aDesigning Urban Food Policies _bConcepts and Approaches |
|
| 546 | _aEnglish[eng] | ||
| 650 | _aLife sciences||Agriculture||Sustainable development||Regional planning||Urban planning||Public policy | ||
| 700 | _aBrand, Caroline||Bricas, Nicolas||Conaré, Damien||Daviron, Benoit||Debru, Julie||Michel, Laura||Soulard, Christophe-Toussaint | ||
| 856 | _uhttps://library.oapen.org/bitstream/20.500.12657/23052/1/1007106.pdf | ||
| 942 | _cEB | ||
| 999 |
_c13823 _d13823 |
||